00666nam a2200205Ia 4500952013300000999001700133003000400150005001700154008004100171020001800212040000900230082001800239100002700257245006900284250001200353260003200365300000900397650001200406942004200418 00102ddc40708PHYSICSaMESbMEScPHYd2019-02-20g350.00l0o530.12 GOT/Qp32888r2019-02-20 00:00:00w2019-02-20yBKzGL11R3 c34178d34178OSt20200904101855.0190216s9999||||xx |||||||||||||| ||und|| a9788181281241 coclc a530.12bGOT/Q aGottfried, Kurt 94427 0aQuantum Mechanics: Fundamentals /cKurt Gottfried ; Tung-Mow Yan a2nd Ed. bSpringer,aNew York:c2009. a620p aPhysics cBK2ddch530.12iGOT/Qk530.12mGOT/Q